000 01058nam a22001817a 4500
999 _c61914
_d61914
003 Ge_BSU
005 20240607143558.0
008 240607s1996 ge ||||| |||| 00| 0 geo d
041 _ageo
080 _a616-07+811.124-8 ჩ-71
100 _aჩიჩუა, გიორგი
_922360
245 _aსამედიცინო დიაგნოზის კომპლექსური ანალიზისა და ლათინურ ენაზე შედგენის მეთოდიკა /
_cჩიჩუა, გიორგი; რედ. რ. ხეცურიანი, თ. დეკანოსიძე; თბილ. სახ. სამედ. უნ-ტი, საქ. დავით აღმაშენებლის სახ. უნ-ტი.
264 _aთბ.,
_c1996.
300 _a214 გვ. ;
_b20 სმ.
700 _aხეცურია, რ.
_eრედაქტორი
_922361
700 _aდეკანოსიძე, თ.
_eრედაქტორი
_93868
942 _2udc
_cᲬᲘᲒᲜᲘ